| 000 | 00691nam a22001817a 4500 | ||
|---|---|---|---|
| 999 |
_c62561 _d62561 |
||
| 005 | 20241206161006.0 | ||
| 008 | 241206s2020 enk||||| |||| 00| 0 eng d | ||
| 020 | _a9781952231087x | ||
| 041 | _aeng | ||
| 080 | _a005 : 159.9 H-84 | ||
| 245 |
_aHow to Get Anything You Want : _bA Goal-Setting Plan for Successful Women That Want It All, to Win in Life & Business. |
||
| 264 | _c2020. | ||
| 300 |
_a125 p. ; _b21 cm. |
||
| 653 | _aმენეჯმენტი | ||
| 653 | _aფსიქოლოგია | ||
| 653 | _aმიზნების დასახვის გეგმა წარმატებული ქალებისთვის | ||
| 942 |
_2udc _cᲬᲘᲒᲜᲘ |
||